[Event "Oberliga Ost-B 2223"]
[Site "Germany"]
[Date "2023.03.19"]
[Round "11.8"]
[White "Cress, Bastian"]
[Black "Barpiyeva, Gulsana"]
[Result "1/2-1/2"]
[WhiteElo "1629"]
[BlackElo "2022"]
[PlyCount "94"]
[EventDate "2022.09.18"]
[EventType "team-tourn"]
[EventRounds "11"]
[EventCountry "GER"]
[SourceTitle "EXT 2025"]
[Source "ChessBase"]
[SourceDate "2024.10.14"]
[SourceVersion "1"]
[SourceVersionDate "2024.10.14"]
[SourceQuality "1"]
[WhiteTeam "Stadtilm Blau Weiss"]
[BlackTeam "Hofheim II"]
[WhiteTeamCountry "GER"]
[BlackTeamCountry "GER"]

1. e4 c5 2. Nc3 e6 3. Nge2 Nc6 4. g3 a6 5. Bg2 d6 6. d3 g6 7. h4 h5 8. Bg5 Qa5 9. 0-0 Bg7 10. a3 Nge7 11. Qd2 Bd7 12. Rab1 b5 13. Nc1 f6 14. Nb3 Qb6 15. Be3 Nd4 16. Ne2 e5 17. f4 Bg4 18. Nexd4 cxd4 19. Bf2 Be6 20. Nc1 Qc7 21. Ne2 Rc8 22. Rfc1 0-0 23. c3 dxc3 24. Rxc3 Qd7 25. d4 Bc4 26. Rbc1 f5 27. dxe5 fxe4 28. Bxe4 Bxe2 29. Rxc8 Nxc8 30. Qxe2 dxe5 31. fxe5 Bxe5 32. Bxg6 Qg7 33. Qxh5 Bxb2 34. Qd5+ Kh8 35. Qh5+ Kg8 36. Qd5+ Kh8 37. Qh5+ Kg8 38. Re1 Ne7 39. Bb1 Rd8 40. Ba2+ Kf8 41. Qf3+ Qf6 42. Qxf6+ Bxf6 43. g4 Rd2 44. g5 Rxa2 45. gxf6 Nd5 46. Rf1 Kf7 47. Bc5 Rc2 1/2-1/2

[Event "GER-chT U16"]
[Site "Aurich"]
[Date "2018.12.30"]
[Round "7.3"]
[White "Baranyai Molnar, Adam Kristof"]
[Black "Cress, Bastian"]
[Result "1-0"]
[WhiteElo "1883"]
[BlackElo "1705"]
[PlyCount "91"]
[EventDate "2018.12.27"]
[EventType "team-swiss"]
[EventRounds "7"]
[EventCountry "GER"]
[SourceTitle "CBM 188 Extra"]
[Source "ChessBase"]
[SourceDate "2019.02.28"]
[SourceVersion "1"]
[SourceVersionDate "2019.02.28"]
[SourceQuality "1"]
[WhiteTeam "Neuberg"]
[BlackTeam "Stadtilm Blau Weiss"]
[WhiteTeamCountry "GER"]
[BlackTeamCountry "GER"]

1. e4 e5 2. Bc4 Nf6 3. d4 exd4 4. Nf3 Nc6 5. 0-0 Nxe4 6. Re1 d5 7. Bxd5 Qxd5 8. Nc3 Qa5 9. Nxe4 Be6 10. Neg5 0-0-0 11. Nxe6 fxe6 12. Rxe6 Bd6 13. Bg5 Rde8 14. Qe2 Kd7 15. Rxe8 Rxe8 16. Qd3 h6 17. Bd2 Qb6 18. b3 Qc5 19. c3 dxc3 20. Bxc3 Re7 21. a3 Qh5 22. b4 Kc8 23. Rd1 Qe8 24. b5 Nd8 25. a4 Ne6 26. Qc4 Kb8 27. Re1 Ng5 28. Rxe7 Nxf3+ 29. gxf3 Qxe7 30. a5 Qf8 31. Qe4 Bc5 32. a6 bxa6 33. bxa6 Kc8 34. Qg4+ Kb8 35. Qd7 Qc8 36. Qc6 Bb6 37. Be5 g6 38. Kg2 Ba5 39. Qxg6 Bd2 40. f4 Ka8 41. Qc6+ Kb8 42. f5 h5 43. Qb5+ Ka8 44. Qd5+ Kb8 45. Qxd2 Qxa6 46. Qd8+ 1-0

[Event "GER-chT U16"]
[Site "Aurich"]
[Date "2018.12.28"]
[Round "4.3"]
[White "Cress, Bastian"]
[Black "Kracht, Raphael"]
[Result "0-1"]
[WhiteElo "1705"]
[BlackElo "2047"]
[PlyCount "37"]
[EventDate "2018.12.27"]
[EventType "team-swiss"]
[EventRounds "7"]
[EventCountry "GER"]
[SourceTitle "CBM 188 Extra"]
[Source "ChessBase"]
[SourceDate "2019.02.28"]
[SourceVersion "1"]
[SourceVersionDate "2019.02.28"]
[SourceQuality "1"]
[WhiteTeam "Stadtilm Blau Weiss"]
[BlackTeam "Brackel"]
[WhiteTeamCountry "GER"]
[BlackTeamCountry "GER"]

1. e4 e5 2. Nf3 Nc6 3. d4 exd4 4. Bc4 Nf6 5. 0-0 Bc5 6. e5 d5 7. exf6 dxc4 8. Qe2+ Be6 9. fxg7 Rg8 10. Ng5 Qd5 11. Nxh7 Qf5 12. Ng5 Rxg7 13. Nxe6 fxe6 14. Qxc4 Qg4 15. g3 Ne5 16. Qb5+ c6 17. f3 Nxf3+ 18. Rxf3 cxb5 19. Rf8+ 0-1

[Event "GER-chT U14"]
[Site "Duesseldorf"]
[Date "2016.12.29"]
[Round "5.2"]
[White "Kuehn von Burgsdorff, Johannes"]
[Black "Cress, Bastian"]
[Result "1/2-1/2"]
[WhiteElo "1211"]
[BlackElo "1608"]
[PlyCount "84"]
[EventDate "2016.12.27"]
[EventType "team-swiss"]
[EventRounds "7"]
[EventCountry "GER"]
[SourceTitle "EXT 2018"]
[Source "ChessBase"]
[SourceDate "2017.10.13"]
[SourceVersion "1"]
[SourceVersionDate "2017.10.13"]
[SourceQuality "1"]
[WhiteTeam "Guetersloh U14"]
[BlackTeam "Stadtilm Blau Weiss U14"]
[WhiteTeamCountry "GER"]
[BlackTeamCountry "GER"]

1. d4 Nf6 2. c4 g6 3. Nc3 Bg7 4. e4 d6 5. Nf3 0-0 6. Be2 Nbd7 7. Be3 e5 8. d5 h6 9. h3 Ne8 10. Qd2 Kh7 11. 0-0-0 c5 12. h4 Ndf6 13. Ne1 a6 14. f3 b5 15. cxb5 axb5 16. Bxb5 Nc7 17. Bc4 Nd7 18. g4 Nb6 19. Bd3 Na4 20. a3 Bd7 21. h5 g5 22. Ng2 Rb8 23. Nxa4 Bxa4 24. Bc2 Bd7 25. Bf2 Nb5 26. Rh3 Nd4 27. Ne3 Qb6 28. Nc4 Qa6 29. Bxd4 Qxc4 30. Bc3 Qa6 31. Rh2 Rb7 32. Qe2 Qb6 33. Rd2 Ra8 34. Qd1 Bb5 35. Qe1 Kg8 36. Rdf2 Qa6 37. Qd2 Qa7 38. Bd3 Bd7 39. Kd1 Qb8 40. Rhg2 f6 41. Qe2 Rb6 42. Qd2 Rb7 1/2-1/2

[Event "GER-ch U12"]
[Site "Willingen"]
[Date "2015.05.26"]
[Round "5"]
[White "Rothenberg, Nina"]
[Black "Cress, Bastian"]
[Result "0-1"]
[WhiteElo "1174"]
[BlackElo "1387"]
[PlyCount "138"]
[EventDate "2015.05.24"]
[EventType "swiss"]
[EventRounds "11"]
[EventCountry "GER"]
[SourceTitle "CBM 166 Extra"]
[Source "ChessBase"]
[SourceDate "2015.06.18"]
[SourceVersion "1"]
[SourceVersionDate "2015.06.18"]
[SourceQuality "1"]

1. e4 d5 2. exd5 Qxd5 3. Nc3 Qa5 4. d4 c6 5. Nf3 Nf6 6. Bd3 Bf5 7. 0-0 Bxd3 8. Qxd3 e6 9. Bf4 Nbd7 10. Rfe1 Be7 11. Ne5 Nxe5 12. Bxe5 h6 13. Qg3 Rg8 14. f4 0-0-0 15. Qh3 Nd7 16. f5 Nxe5 17. dxe5 Bc5+ 18. Kh1 Rde8 19. Rad1 Qc7 20. Ne2 Qxe5 21. fxe6 Qxe6 22. Qxe6+ Rxe6 23. Nf4 Rxe1+ 24. Rxe1 Rd8 25. Nd3 Bd4 26. b3 Kc7 27. Re7+ Rd7 28. Re8 Kd6 29. g4 Re7 30. Rd8+ Rd7 31. Re8 c5 32. Kg2 Re7 33. Ra8 Re2+ 34. Kg3 a6 35. Rb8 Kc7 36. Rf8 Rxc2 37. Rxf7+ Kb6 38. a4 Rc3 39. Rf3 Rxb3 40. h3 c4 41. Nc1 Rxf3+ 42. Kxf3 Bb2 43. Ne2 c3 44. Nd4 Ka5 45. Ke3 Kxa4 46. Kd3 b5 47. Kc2 b4 48. h4 b3+ 49. Nxb3 Kb4 50. Nd4 a5 51. Nb3 a4 52. Nd4 Kc4 53. Nc6 a3 54. Na5+ Kb4 55. Nb3 a2 56. g5 a1Q 57. Nxa1 Bxa1 58. gxh6 gxh6 59. Kb1 Bb2 60. h5 Kc5 61. Kc2 Kd4 62. Kb1 Kd3 63. Ka2 Kd2 64. Kb1 c2+ 65. Kxb2 c1Q+ 66. Ka2 Qc4+ 67. Ka3 Qb5 68. Ka2 Kc2 69. Ka1 Qa4# 0-1

[Event "GER-ch U12"]
[Site "Willingen"]
[Date "2015.05.25"]
[Round "4"]
[White "Cress, Bastian"]
[Black "Nguyen, Vanessa"]
[Result "0-1"]
[WhiteElo "1387"]
[BlackElo "923"]
[PlyCount "44"]
[EventDate "2015.05.24"]
[EventType "swiss"]
[EventRounds "11"]
[EventCountry "GER"]
[SourceTitle "CBM 166 Extra"]
[Source "ChessBase"]
[SourceDate "2015.06.18"]
[SourceVersion "1"]
[SourceVersionDate "2015.06.18"]
[SourceQuality "1"]

1. e4 e5 2. Nf3 Nc6 3. d4 exd4 4. Bc4 Nf6 5. 0-0 Bc5 6. Re1 0-0 7. e5 Nh5 8. g4 d5 9. exd6 Bxg4 10. dxc7 Qxc7 11. Bg5 Ne5 12. Nbd2 Rae8 13. Bf1 Nxf3+ 14. Nxf3 Rxe1 15. Qxe1 Bxf3 16. Bg2 Bg4 17. h3 Bd7 18. Qe2 Nf4 19. Bxf4 Qxf4 20. Re1 Qg5 21. Kh1 Bd6 22. Rg1 Qf4 0-1

[Event "GER-chT U10"]
[Site "Magdeburg"]
[Date "2013.12.28"]
[Round "3.1"]
[White "Giss, Alexander"]
[Black "Cress, Bastian"]
[Result "0-1"]
[WhiteElo "1008"]
[BlackElo "1302"]
[PlyCount "106"]
[EventDate "2013.12.27"]
[EventType "team-swiss"]
[EventRounds "5"]
[EventCountry "GER"]
[SourceTitle "EXT 2015"]
[Source "ChessBase"]
[SourceDate "2014.11.20"]
[SourceVersion "1"]
[SourceVersionDate "2014.11.20"]
[SourceQuality "1"]
[WhiteTeam "Bremen Ost"]
[BlackTeam "Stadtilm Blau Weiss"]
[WhiteTeamCountry "GER"]
[BlackTeamCountry "GER"]

1. e4 e5 2. Nf3 Nc6 3. Bc4 Bc5 4. c3 Nf6 5. d4 exd4 6. cxd4 Bb4+ 7. Nc3 Nxe4 8. 0-0 Bxc3 9. bxc3 d5 10. Re1 0-0 11. Ba3 Re8 12. Bd3 Bf5 13. Bc5 Nxc3 14. Rxe8+ Qxe8 15. Qd2 Bxd3 16. Re1 Ne2+ 17. Kh1 Bc4 18. Qd1 Qe4 19. Nd2 Qd3 20. Nxc4 Qxd1 21. Rxd1 dxc4 22. Re1 Nexd4 23. Rc1 Re8 24. h3 b6 25. Bxd4 Nxd4 26. Rxc4 Ne6 27. Rc1 c5 28. Rb1 Nd4 29. Rc1 Re2 30. Ra1 Rxf2 31. Kg1 Re2 32. Rc1 Rxa2 33. Re1 Re2 34. Ra1 Nc6 35. Kf1 Rd2 36. Re1 Kf8 37. Rb1 Ke7 38. g4 Kd6 39. Ke1 Rh2 40. Rd1+ Nd4 41. Rd3 Kd5 42. Kf1 Ke4 43. Ra3 a5 44. Kg1 Rb2 45. Kf1 c4 46. g5 Nb3 47. Ra4 b5 48. Rxc4+ bxc4 49. Ke1 Kd3 50. g6 fxg6 51. h4 h5 52. Kf1 Ke3 53. Kg1 Kf3 0-1

[Event "GER-chT U10"]
[Site "Magdeburg"]
[Date "2012.12.28"]
[Round "5.2"]
[White "Cress, Bastian"]
[Black "Brehm, Mirja"]
[Result "1/2-1/2"]
[WhiteElo "964"]
[BlackElo "990"]
[PlyCount "69"]
[EventDate "2012.12.27"]
[EventType "team-swiss"]
[EventRounds "7"]
[EventCountry "GER"]
[SourceTitle "EXT 2014"]
[Source "ChessBase"]
[SourceDate "2013.11.20"]
[SourceVersion "1"]
[SourceVersionDate "2013.11.20"]
[SourceQuality "1"]
[WhiteTeam "Stadtilm Blau Weiss"]
[BlackTeam "Saalfeld"]
[WhiteTeamCountry "GER"]
[BlackTeamCountry "GER"]

1. e4 e5 2. Nf3 Nc6 3. Bc4 Bc5 4. c3 Nf6 5. d4 exd4 6. cxd4 Bb4+ 7. Bd2 Bxd2+ 8. Nbxd2 d5 9. exd5 Nxd5 10. Qb3 Be6 11. Qxb7 Nce7 12. 0-0 0-0 13. Qb3 Qb8 14. Rfe1 Qxb3 15. Bxb3 Rab8 16. Ng5 Rb6 17. Nc4 Ra6 18. Bc2 h6 19. Nxe6 Rxe6 20. Rxe6 fxe6 21. Re1 Rf4 22. Rd1 Nc6 23. h3 Rxd4 24. Rxd4 Nxd4 25. Bd1 Nb6 26. Ne3 e5 27. Ng4 Nd7 28. Ba4 c6 29. f3 h5 30. Ne3 Kf7 31. Kf2 h4 32. Nc4 Ke6 33. Ke3 Nc5 34. Bd1 Nf5+ 35. Kd2 1/2-1/2

[Event "GER-chT U10"]
[Site "Magdeburg"]
[Date "2012.12.28"]
[Round "3.2"]
[White "Cress, Bastian"]
[Black "Haufe, Laurin"]
[Result "1-0"]
[WhiteElo "964"]
[BlackElo "1102"]
[PlyCount "113"]
[EventDate "2012.12.27"]
[EventType "team-swiss"]
[EventRounds "7"]
[EventCountry "GER"]
[SourceTitle "EXT 2014"]
[Source "ChessBase"]
[SourceDate "2013.11.20"]
[SourceVersion "1"]
[SourceVersionDate "2013.11.20"]
[SourceQuality "1"]
[WhiteTeam "Stadtilm Blau Weiss"]
[BlackTeam "Leipzig BSG II"]
[WhiteTeamCountry "GER"]
[BlackTeamCountry "GER"]

1. e4 e5 2. Nf3 Nc6 3. Bc4 Nf6 4. d3 Bc5 5. Bg5 d6 6. h3 Be6 7. Nbd2 Qe7 8. c3 h6 9. Bh4 0-0-0 10. 0-0 g5 11. Bg3 Rdg8 12. b4 Bb6 13. a4 a6 14. a5 Ba7 15. b5 axb5 16. Bxb5 Bd7 17. a6 b6 18. Qa4 Nb8 19. Bxd7+ Qxd7 20. Qxd7+ Nfxd7 21. d4 exd4 22. cxd4 g4 23. hxg4 Rxg4 24. Rfc1 b5 25. Rab1 Nxa6 26. Rxb5 Rg6 27. Ra1 d5 28. Rxd5 h5 29. Rda5 Ndb8 30. Ne5 Rf6 31. Nef3 Rfh6 32. Ng5 Rf6 33. Be5 Rxf2 34. Kxf2 Rf8 35. Bf6 Rg8 36. Ngf3 Rg6 37. Be5 f6 38. Bg3 Rg7 39. Rxa6 Nxa6 40. Rxa6 Bb6 41. Nc4 Kb7 42. Ra2 Rd7 43. Nxb6 cxb6 44. e5 f5 45. e6 Re7 46. Re2 Kc6 47. Bh4 Re8 48. e7 Kd7 49. Ne5+ Kd6 50. Nc4+ Kc6 51. Re6+ Kd5 52. Rf6 Rxe7 53. Rxf5+ Kxc4 54. Bxe7 Kxd4 55. Rxh5 Kc3 56. g4 b5 57. Rxb5 1-0